Vidyalaya swasthya shiksha (Record no. 99301)

MARC details
000 -LEADER
fixed length control field 00379nam a2200157Ia 4500
008 - FIXED-LENGTH DATA ELEMENTS--GENERAL INFORMATION
fixed length control field 230917s9999||||xx |||||||||||||| ||und||
040 ## - CATALOGING SOURCE
-- 28750
Original cataloging agency VIVEKANANDA LIBRARY
041 ## - Language
-- English
082 ## - DDC NUMBER
Classification number 372.3 C392V
100 ## - MAIN ENTRY--PERSONAL NAME
Personal name Chaube, Saryu Prasad
245 #0 - TITLE STATEMENT
Title Vidyalaya swasthya shiksha
250 ## - EDITION STATEMENT
Edition statement Ist ,ed.
260 ## - PUBLICATION, DISTRIBUTION, ETC. (IMPRINT)
Place of publication, distribution, etc Noida
Name of publisher, distributor, etc Mayur paperbax
Date of publication, distribution, etc 1998
300 ## - PHYSICAL DESCRIPTION
Pages 288 p.
942 ## - ADDED ENTRY ELEMENTS (KOHA)
Koha item type Books
Holdings
Withdrawn status Lost status Damaged status Not for loan Location (home branch) Sublocation or collection (holding branch) Date acquired Koha issues (times borrowed) Koha full call number Accession No. Koha date last seen Koha item type
        VIVEKANANDA LIBRARY VIVEKANANDA LIBRARY 08/08/2002   372.3 C392V 182549 17/09/2023 Books
© Designed and Maintained by Vivekananda Library, MDU Rohtak